000 00608nam a2200229Ia 4500
003 OSt
005 20220925212512.0
006 a|||||r|||| 00| 0
007 ta
008 220923b |||||||| |||| 00| 0 eng d
037 _cGeneral Book
040 _aRTL
_cRTL
_beng
041 _2eng
_aeng
082 _aL:5:(X:8), L4
100 _aHaywood S C
_9276912
245 0 _aManaging the health service
260 _aLondon
_bAllen adn Unwin UK
_c1974
300 _a207p.
_ccm.
650 _aMedicine
_94387
942 _hL:5:(X:8), L4
_cGB
_2CC
999 _c560516
_d560516